[Event "14th EUR-ch"]
[Site "Legnica POL"]
[Date "2013.05.09"]
[Round "5"]
[White "Nepomnyaschy, Yan"]
[Black "Arizmendi Martinez, Julen Luis"]
[Result "1/2-1/2"]
[WhiteElo "2710"]
[BlackElo "2571"]
[EventDate "2013.05.05"]
[PlyCount "163"]

1.e4 e6 2.d4 d5 3.Nc3 Bb4 4.e5 c5 5.a3 Bxc3+ 6.bxc3 Qa5 7.Bd2 Qa4 8.h4 Ne7
9.h5 h6 10.Rh4 c4 11.Ne2 Nbc6 12.g4 Bd7 13.Ng3 f6 14.exf6 gxf6 15.Qc1 Qa5 
16.Qb2 O-O-O 17.f4 Rdg8 18.Nh1 Qc7 19.Nf2 f5 20.g5 hxg5 21.fxg5 Ng6 22.Rh1
Nf4 23.h6 Rxg5 24.O-O-O Rg6 25.Rh4 Ng2 26.Rh3 f4 27.Bxg2 Rxg2 28.Rf3 e5 
29.dxe5 Qxe5 30.Rxf4 Qd6 31.Kb1 Rxh6 32.Bc1 Rf6 33.Ne4 Qxf4 34.Bxf4 Rxf4 
35.Nc5 b6 36.Nxd7 Kxd7 37.Rxd5+ Kc7 38.Qc1 Rgf2 39.Qe3 Rf7 40.Kb2 R2f5 41.
Qg3+ Kb7 42.Qg6 R5f6 43.Qe4 Rf4 44.Qe6 R4f6 45.Qe2 Rf4 46.Rd6 Rc7 47.Qe6 
Nb8 48.Qd5+ Nc6 49.Qe6 Nb8 50.Qe5 Rff7 51.Qd5+ Ka6 52.Re6 Rfd7 53.Qe4 Rc5 
54.a4 Rdc7 55.Rd6 Nc6 56.Ka3 Na5 57.Rd4 Nb7 58.Qe2 Na5 59.Qe8 Nc6 60.Re4 
Na5 61.Qg8 Kb7 62.Re8 Rc8 63.Qf7+ R8c7 64.Qf3+ Ka6 65.Re1 Rc8 66.Qf4 R8c7 
67.Qe4 Rc8 68.Rh1 R8c7 69.Qf4 Kb7 70.Rb1 Rc8 71.Rb5 Rxb5 72.axb5 Rc7 73.
Kb2 Kb8 74.Kc1 Kb7 75.Kd2 Kb8 76.Ke3 Nb7 77.Kd4 Na5 78.Kd5 Nb7 79.Qh2 Na5 
80.Qh8+ Rc8 81.Qe5+ Rc7 82.Qh2 1/2-1/2

[Event "14th EUR-ch"]
[Site "Legnica POL"]
[Date "2013.05.09"]
[Round "5"]
[White "Markowski, Tomasz"]
[Black "Yakovenko, Dmitry"]
[Result "1-0"]
[WhiteElo "2567"]
[BlackElo "2731"]
[EventDate "2013.05.05"]
[PlyCount "75"]

1.g3 c5 2.Bg2 Nc6 3.c4 g6 4.Nc3 Bg7 5.e3 e5 6.Nge2 Nge7 7.d3 d6 8.O-O O-O 
9.b3 Rb8 10.Bb2 Be6 11.Nd5 Qd7 12.Qd2 b5 13.Rac1 f5 14.Rfd1 Rfc8 15.d4 
cxd4 16.exd4 bxc4 17.dxe5 Nxe5 18.Nef4 Bf7 19.Bxe5 Bxe5 20.bxc4 Nxd5 21.
Nxd5 Kh8 22.h4 Qa4 23.h5 gxh5 24.Qd3 Qxa2 25.c5 Qb3 26.c6 Qxd3 27.Rxd3 
Bxd5 28.Rxd5 Rc7 29.f4 Bb2 30.Rc2 Ba3 31.Rxf5 Bc5+ 32.Kh2 a5 33.Ra2 Ra7 
34.Ra4 h4 35.gxh4 Bb4 36.h5 Kg7 37.Bd5 Rf8 38.h6+ 1-0

[Event "14th EUR-ch"]
[Site "Legnica POL"]
[Date "2013.05.09"]
[Round "5"]
[White "Akopian, Vladimir"]
[Black "Grigorian, Karen"]
[Result "0-1"]
[WhiteElo "2705"]
[BlackElo "2559"]
[EventDate "2013.05.05"]
[PlyCount "74"]

1.Nf3 Nf6 2.c4 g6 3.g3 Bg7 4.Bg2 O-O 5.O-O c5 6.Nc3 d5 7.cxd5 Nxd5 8.Qb3 
Nb6 9.d3 Nc6 10.Be3 Nd4 11.Bxd4 cxd4 12.Ne4 Be6 13.Qa3 Bd5 14.Rac1 e5 15.
Nd6 Qd7 16.Nd2 Bh6 17.Rfd1 Rfd8 18.N6e4 Kg7 19.Rc2 f5 20.Nc5 Qe7 21.Nf3 a5
22.h4 Rdc8 23.Ng5 Bxg5 24.hxg5 Bxg2 25.Kxg2 Nd5 26.Rdc1 Nb4 27.Nb3 Rxc2 
28.Rxc2 b6 29.Rc4 Rd8 30.Qa4 Nd5 31.Nd2 Qxg5 32.Nf3 Qe7 33.Qb5 g5 34.Rc6 
g4 35.Nh4 Qf7 36.Qa6 Nb4 37.Nxf5+ Kh8 0-1

[Event "14th EUR-ch"]
[Site "Legnica POL"]
[Date "2013.05.09"]
[Round "5"]
[White "Shomoev, Anton"]
[Black "Navara, David"]
[Result "0-1"]
[WhiteElo "2561"]
[BlackElo "2697"]
[EventDate "2013.05.05"]
[PlyCount "102"]

1.e4 e5 2.Nf3 Nc6 3.Bb5 Nf6 4.d3 Bc5 5.c3 O-O 6.O-O d6 7.h3 Ne7 8.Nbd2 a6 
9.Ba4 Ba7 10.Re1 Ng6 11.Nf1 b5 12.Bc2 Bb7 13.Ng3 d5 14.exd5 Qxd5 15.Bg5 
Qc6 16.d4 exd4 17.Bxf6 d3 18.Bxd3 Qxf6 19.Be4 Rad8 20.Qc2 Bxe4 21.Qxe4 Nf4
22.Rad1 g6 23.Ne2 Ne6 24.Ned4 Rd6 25.Nxe6 Rxe6 26.Qc2 Rfe8 27.Rxe6 Rxe6 
28.Re1 Rxe1+ 29.Nxe1 Qe6 30.Qd2 c5 31.Nf3 Kg7 32.Qf4 c4 33.Qc7 Bb6 34.Qb8 
Bc5 35.Kf1 Bd6 36.Qb6 Qd5 37.Qd4+ Qxd4 38.Nxd4 Kf6 39.Ke2 Ke5 40.Nf3+ Kd5 
41.Ng5 f6 42.Nxh7 Ke6 43.g4 g5 44.Ke3 Kf7 45.Kd4 Kg7 46.Nxg5 fxg5 47.a4 
bxa4 48.Kxc4 Kf6 49.Kd5 Bf4 50.Kc4 Bc1 51.Kb4 Bxb2 0-1

[Event "14th EUR-ch"]
[Site "Legnica POL"]
[Date "2013.05.09"]
[Round "5"]
[White "Oleksienko, Mykhailo"]
[Black "Laznicka, Viktor"]
[Result "0-1"]
[WhiteElo "2565"]
[BlackElo "2679"]
[EventDate "2013.05.05"]
[PlyCount "78"]

1.e4 c6 2.d4 d5 3.e5 Bf5 4.Nd2 e6 5.Nb3 Nd7 6.Nf3 Ne7 7.Be2 Bg6 8.O-O Nf5 
9.a4 Be7 10.a5 O-O 11.g4 Nh6 12.h3 c5 13.Nxc5 Nxc5 14.dxc5 Bxc5 15.c4 d4 
16.Bd3 f5 17.exf6 Qxf6 18.Bxg6 hxg6 19.Ng5 e5 20.Qd3 Nf7 21.Ne4 Qc6 22.Bd2
Be7 23.Rae1 Rac8 24.b3 b6 25.a6 Rce8 26.f3 Qc8 27.Ra1 Nd8 28.b4 Ne6 29.
Rfc1 Rf7 30.c5 bxc5 31.bxc5 Ref8 32.c6 Rxf3 33.Qc4 Kh7 34.Bb4 Nf4 35.Bxe7 
Nxh3+ 36.Kh2 Qxg4 37.Bxf8 Qf4+ 38.Kh1 Nf2+ 39.Kg2 Qg4+ 0-1

[Event "14th EUR-ch"]
[Site "Legnica POL"]
[Date "2013.05.09"]
[Round "5"]
[White "Nisipeanu, Liviu-Dieter"]
[Black "Jianu, Vlad-Cristian"]
[Result "1/2-1/2"]
[WhiteElo "2679"]
[BlackElo "2555"]
[EventDate "2013.05.05"]
[PlyCount "81"]

1.e4 c5 2.c3 Nf6 3.e5 Nd5 4.d4 cxd4 5.Nf3 e6 6.cxd4 d6 7.Bc4 Nc6 8.O-O Be7
9.Qe2 O-O 10.Nc3 Nxc3 11.bxc3 dxe5 12.dxe5 Qc7 13.Qe4 Bd7 14.Re1 Rfd8 15.
Bd3 g6 16.Bh6 Be8 17.Rac1 Rd5 18.h4 Rad8 19.Bf1 Ra5 20.h5 Rdd5 21.hxg6 
hxg6 22.Bf4 Rdc5 23.Bg3 Rxa2 24.Nh2 Ra3 25.Ng4 Rcxc3 26.Rxc3 Rxc3 27.Nf6+ 
Bxf6 28.exf6 Rxg3 29.Qh4 Nd4 30.Qxg3 Qxg3 31.fxg3 Kh7 32.Rd1 Nc6 33.Rb1 
Kh6 34.Rxb7 Kg5 35.Rc7 Ne5 36.Rxa7 Kxf6 37.Be2 Bc6 38.Kf2 Bd5 39.Bf3 Bc4 
40.Ke3 Bb3 41.Rb7 1/2-1/2

[Event "14th EUR-ch"]
[Site "Legnica POL"]
[Date "2013.05.09"]
[Round "5"]
[White "Goganov, Alexei"]
[Black "Potkin, Vladimir"]
[Result "1/2-1/2"]
[WhiteElo "2552"]
[BlackElo "2666"]
[EventDate "2013.05.05"]
[PlyCount "166"]

1.e4 c5 2.Nf3 e6 3.g3 Nc6 4.Bg2 Nf6 5.Qe2 d5 6.exd5 Nxd5 7.O-O Be7 8.Rd1 
Qb6 9.c4 Nf6 10.Nc3 O-O 11.d3 Bd7 12.Bf4 a6 13.Rab1 Rfd8 14.a3 Be8 15.b3 
Rac8 16.Na4 Qa7 17.b4 Nd4 18.Nxd4 Bxa4 19.Nc2 b5 20.Rdc1 Qd7 21.Ne1 h6 22.
Be5 Ne8 23.Qg4 Bg5 24.Bf4 Nf6 25.Qf3 bxc4 26.Bxg5 Bc6 27.Qxc6 Rxc6 28.Bxc6
Qxc6 29.Bxf6 gxf6 30.Rxc4 Qb7 31.Rxc5 Rd4 32.Rbc1 Qd7 33.R1c4 Rxc4 34.Rxc4
Qa4 35.Rc3 Qd1 36.Kf1 Qa1 37.Rc5 Qxa3 38.Ra5 Qxb4 39.Rxa6 f5 40.Rc6 Qb1 
41.Rc4 Qd1 42.Rh4 Kg7 43.Rc4 h5 44.Rf4 Kg6 45.Rc4 e5 46.Rc6+ f6 47.Rc4 Kg5
48.Rb4 h4 49.gxh4+ Kg6 50.Rc4 f4 51.f3 Qd2 52.Rc2 Qe3 53.Re2 Qd4 54.Re4 
Qd7 55.Re2 Kh5 56.Rg2 Kxh4 57.Re2 Kh3 58.Rc2 Kh4 59.Re2 Kh5 60.Rg2 Qc8 61.
Kg1 Qc1 62.Kf1 Qb1 63.Ke2 f5 64.Kf1 Qb5 65.Kf2 Kh4 66.Kg1 Qa6 67.Re2 Qa5 
68.Kf1 Kg5 69.Rg2+ Kh5 70.Re2 Qb5 71.Kg1 Kg6 72.Rg2+ Kh5 73.Re2 Qc5+ 74.
Kf1 Kh4 75.Rg2 Qb5 76.Kg1 Qb8 77.Kf1 Qb6 78.Re2 Qd4 79.Rg2 Qc5 80.Re2 Qb5 
81.Kg1 Kh3 82.Rf2 Qb6 83.Kf1 Kh4 1/2-1/2

[Event "14th EUR-ch"]
[Site "Legnica POL"]
[Date "2013.05.09"]
[Round "5"]
[White "Sanikidze, Tornike"]
[Black "Ivanisevic, Ivan"]
[Result "0-1"]
[WhiteElo "2549"]
[BlackElo "2655"]
[EventDate "2013.05.05"]
[PlyCount "76"]

1.d4 Nf6 2.c4 c5 3.d5 b5 4.cxb5 a6 5.b6 g6 6.Nc3 Bg7 7.Nf3 d6 8.h3 Nbd7 9.
e4 O-O 10.Be2 Nxb6 11.Bf4 Nh5 12.Be3 f5 13.exf5 gxf5 14.O-O Qe8 15.Ng5 Nf6
16.Re1 Kh8 17.Rc1 Rb8 18.Bf4 h6 19.Ne6 Bxe6 20.dxe6 Na8 21.Qd2 Nc7 22.Bxh6
Qg6 23.Bxg7+ Qxg7 24.Bf3 Rb4 25.a3 Rh4 26.Kf1 Nh7 27.Bc6 Ng5 28.Bd7 Rg8 
29.Qd3 f4 30.Bc6 Ngxe6 31.Bf3 Nd4 32.Ne2 Ncb5 33.Ng1 Nxf3 34.Qxf3 Nd4 35.
Qe4 Rh5 36.Qb7 d5 37.g4 fxg3 38.Rxe7 g2+ 0-1

[Event "14th EUR-ch"]
[Site "Legnica POL"]
[Date "2013.05.09"]
[Round "5"]
[White "Meier, Georg"]
[Black "Stocek, Jiri"]
[Result "0-1"]
[WhiteElo "2655"]
[BlackElo "2549"]
[EventDate "2013.05.05"]
[PlyCount "56"]

1.Nf3 c5 2.c4 Nc6 3.Nc3 Nd4 4.g3 Nxf3+ 5.exf3 g6 6.d4 cxd4 7.Qxd4 Nf6 8.
Bg2 Bg7 9.Be3 d6 10.Rd1 O-O 11.Qd2 Be6 12.b3 a6 13.O-O Rc8 14.Bd4 Nd7 15.
f4 Bxd4 16.Qxd4 Qc7 17.Rfe1 Rfe8 18.Re3 Nf6 19.Rde1 Bf5 20.h3 h5 21.Qa7 
Rb8 22.Kh2 e5 23.fxe5 dxe5 24.Nd5 Nxd5 25.Bxd5 h4 26.gxh4 Be6 27.h5 Bxd5 
28.cxd5 Ra8 0-1

[Event "14th EUR-ch"]
[Site "Legnica POL"]
[Date "2013.05.09"]
[Round "5"]
[White "Halkias, Stelios"]
[Black "Zviagintsev, Vadim"]
[Result "1/2-1/2"]
[WhiteElo "2549"]
[BlackElo "2655"]
[EventDate "2013.05.05"]
[PlyCount "31"]

1.Nf3 c5 2.c4 Nc6 3.Nc3 g6 4.g3 Bg7 5.Bg2 e6 6.d4 cxd4 7.Nb5 d5 8.cxd5 
exd5 9.O-O Nge7 10.Bf4 O-O 11.Nc7 Rb8 12.Nb5 Ra8 13.Nc7 Rb8 14.Nb5 Ra8 15.
Nc7 Rb8 16.Nb5 1/2-1/2

[Event "14th EUR-ch"]
[Site "Legnica POL"]
[Date "2013.05.09"]
[Round "5"]
[White "Handke, Florian"]
[Black "Gajewski, Grzegorz"]
[Result "0-1"]
[WhiteElo "2545"]
[BlackElo "2653"]
[EventDate "2013.05.05"]
[PlyCount "94"]

1.d4 Nf6 2.Nf3 e6 3.c4 Bb4+ 4.Bd2 a5 5.g3 O-O 6.Bg2 d5 7.O-O Be7 8.Nc3 
dxc4 9.Qa4 c6 10.Qxc4 b5 11.Qd3 b4 12.Ne4 Ba6 13.Nxf6+ Bxf6 14.Qe4 Nd7 15.
Rfd1 c5 16.dxc5 Nxc5 17.Qc2 Qe7 18.Bf4 Rfc8 19.Be5 Nd3 20.Bxf6 Qxf6 21.Qb1
Nxb2 22.Rd7 Rd8 23.Qe4 Na4 24.Re1 Nc3 25.Qc6 Bb5 26.Rxd8+ Qxd8 27.Qc5 Rc8 
28.Qh5 Bxe2 29.h4 h6 30.Kh2 Qd5 31.Qxd5 exd5 32.Nd4 Bc4 33.Bh3 Ra8 34.Re7 
Bxa2 35.Rb7 Ne4 36.Nc6 Nxf2 37.Bf5 g6 38.Ne7+ Kf8 39.Bxg6 fxg6 40.Nxg6+ 
Ke8 41.Re7+ Kd8 42.Rf7 Ng4+ 43.Kh3 Ra6 44.Rf8+ Kd7 45.Rf7+ Ke6 46.Re7+ Kf6
47.h5 Bb1 0-1

[Event "14th EUR-ch"]
[Site "Legnica POL"]
[Date "2013.05.09"]
[Round "5"]
[White "Istratescu, Andrei"]
[Black "Yilmaz, Mustafa"]
[Result "1/2-1/2"]
[WhiteElo "2651"]
[BlackElo "2537"]
[EventDate "2013.05.05"]
[PlyCount "151"]

1.e4 c5 2.Nf3 d6 3.d4 cxd4 4.Nxd4 Nf6 5.Nc3 a6 6.Be2 e5 7.Nb3 Be7 8.O-O 
O-O 9.Kh1 b5 10.a4 Bb7 11.axb5 axb5 12.Rxa8 Bxa8 13.Bxb5 Nxe4 14.Nxe4 Bxe4
15.Qe2 Bb7 16.Bd2 Nc6 17.Ra1 d5 18.Bxc6 Bxc6 19.Qxe5 Bf6 20.Qg3 Bxb2 21.
Bc3 Bxc3 22.Qxc3 Bd7 23.Nd4 Qf6 24.Qd2 h5 25.h3 Re8 26.Ra3 Re4 27.Ra8+ Re8
28.Rxe8+ Bxe8 29.Nf3 Qe6 30.c3 f6 31.Kg1 Bg6 32.Nd4 Qe4 33.f3 Qb1+ 34.Kf2 
Qb6 35.h4 Qb8 36.Ne2 Bf7 37.Qf4 Qb6+ 38.Qe3 Qb2 39.Qd3 Qb8 40.Qd2 Qc7 41.
Qe3 Qb8 42.Qd4 Qb2 43.Qd1 Qb6+ 44.Nd4 Qc7 45.Ne2 Qb6+ 46.Qd4 Qb2 47.Qe3 
Qb8 48.Nf4 Qb2+ 49.Kg3 Qb8 50.Kh3 Qb1 51.g4 hxg4+ 52.fxg4 g5 53.hxg5 fxg5 
54.Ng2 Qg6 55.Qe5 Qg7 56.Qd4 Qh6+ 57.Kg3 Qd6+ 58.Kf3 Bg6 59.Ne3 Be4+ 60.
Ke2 Qa6+ 61.c4 Qa2+ 62.Ke1 Qb1+ 63.Nd1 dxc4 64.Qxc4+ Kg7 65.Kd2 Bg6 66.
Qd4+ Kh7 67.Ne3 Qa2+ 68.Ke1 Qb1+ 69.Kf2 Qe4 70.Qd7+ Kh6 71.Qd8 Qf4+ 72.Ke2
Qh2+ 73.Kf3 Qf4+ 74.Ke2 Qh2+ 75.Kf3 Qf4+ 76.Ke2 1/2-1/2

[Event "14th EUR-ch"]
[Site "Legnica POL"]
[Date "2013.05.09"]
[Round "5"]
[White "Cyborowski, Lukasz"]
[Black "Safarli, Eltaj"]
[Result "1/2-1/2"]
[WhiteElo "2543"]
[BlackElo "2651"]
[EventDate "2013.05.05"]
[PlyCount "66"]

1.Nf3 Nf6 2.c4 g6 3.Nc3 d5 4.cxd5 Nxd5 5.e4 Nxc3 6.dxc3 Qxd1+ 7.Kxd1 f6 8.
Be3 e5 9.Nd2 Nd7 10.Nb3 a5 11.a4 h5 12.f3 Bh6 13.Bf2 Nf8 14.Bb5+ Bd7 15.
Bxd7+ Kxd7 16.Ke2 b6 17.Rhd1+ Ke7 18.Nd2 Ne6 19.Nc4 Rhd8 20.g3 Rxd1 21.
Rxd1 Ke8 22.h4 Rd8 23.Rxd8+ Kxd8 24.b3 Bf8 25.Kd3 Bc5 26.Be3 Bxe3 27.Nxe3 
Nc5+ 28.Kc2 c6 29.Nc4 Kc7 30.Ne3 Kd6 31.Nc4+ Kc7 32.Ne3 Kd6 33.Nc4+ Kc7 
1/2-1/2

[Event "14th EUR-ch"]
[Site "Legnica POL"]
[Date "2013.05.09"]
[Round "5"]
[White "Stevic, Hrvoje"]
[Black "Jaracz, Pawel"]
[Result "1-0"]
[WhiteElo "2637"]
[BlackElo "2527"]
[EventDate "2013.05.05"]
[PlyCount "68"]

1.e4 c5 2.Nf3 e6 3.g3 d5 4.exd5 exd5 5.d4 Nf6 6.Bg2 Be7 7.O-O O-O 8.Be3 
cxd4 9.Nxd4 Nc6 10.h3 Bd7 11.Nc3 Qc8 12.g4 Rd8 13.g5 Ne8 14.Nxd5 Bf8 15.
Nxc6 bxc6 16.Nf4 Nd6 17.Bc5 Bf5 18.Qc1 Re8 19.Re1 Qc7 20.Nd3 Rxe1+ 21.Qxe1
Re8 22.Qb4 Re2 23.Rd1 Rxc2 24.Ne1 Re2 25.Nf3 Re6 26.Qf4 Bc2 27.Rc1 Re4 28.
Qd2 Ba4 29.b3 Bb5 30.a4 Ba6 31.Nd4 Re5 32.Bxd6 Bxd6 33.Rxc6 Qd7 34.Nb5 
Bxb5 1-0

[Event "14th EUR-ch"]
[Site "Legnica POL"]
[Date "2013.05.09"]
[Round "5"]
[White "Miton, Kamil"]
[Black "Zontakh, Andriy"]
[Result "1/2-1/2"]
[WhiteElo "2624"]
[BlackElo "2521"]
[EventDate "2013.05.05"]
[PlyCount "75"]

1.d4 Nf6 2.c4 e6 3.Nf3 d5 4.Nc3 c6 5.Bg5 h6 6.Bxf6 Qxf6 7.e3 g6 8.Bd3 Bg7 
9.O-O O-O 10.e4 dxe4 11.Nxe4 Qd8 12.c5 Bxd4 13.Nxd4 Qxd4 14.Qc2 Nd7 15.
Rad1 f5 16.Nd6 Qg7 17.Rfe1 Nf6 18.Bc4 Nd5 19.Nxc8 Raxc8 20.Rxe6 Rcd8 21.
Rd6 Rxd6 22.cxd6 Qe5 23.Qb3 Rf7 24.Qa3 Rd7 25.Qxa7 Qxd6 26.Qd4 Kf7 27.Qh8 
Qf8 28.Qh7+ Qg7 29.Qxg7+ Kxg7 30.f4 Kf6 31.Kf2 Ke6 32.Kf3 b5 33.Bb3 c5 34.
Re1+ Kf6 35.Rd1 Ke6 36.Re1+ Kf6 37.Rd1 Ke6 38.Re1+ 1/2-1/2

[Event "14th EUR-ch"]
[Site "Legnica POL"]
[Date "2013.05.09"]
[Round "5"]
[White "Dubov, Daniil"]
[Black "Godena, Michele"]
[Result "1-0"]
[WhiteElo "2622"]
[BlackElo "2511"]
[EventDate "2013.05.05"]
[PlyCount "104"]

1.d4 d5 2.c4 dxc4 3.Nf3 Nf6 4.e3 b5 5.a4 b4 6.Bxc4 e6 7.Qe2 Bb7 8.Nbd2 c5 
9.e4 cxd4 10.e5 Nfd7 11.Ne4 Nc6 12.Bf4 Be7 13.O-O O-O 14.Bd3 b3 15.Rfd1 
Nb4 16.Nxd4 Nxd3 17.Qxd3 Qb8 18.Qe3 Rd8 19.Nd6 Bxd6 20.exd6 e5 21.Bxe5 
Nxe5 22.Qxe5 Rxd6 23.Re1 Rg6 24.f3 Qxe5 25.Rxe5 Rd8 26.Rae1 Kf8 27.Kf2 
Rgd6 28.Nb5 Rd2+ 29.R1e2 Bc6 30.Nc3 R8d3 31.Rc5 Bd7 32.Rc7 Be6 33.Ne4 
Rxe2+ 34.Kxe2 Rd4 35.Rxa7 Bc4+ 36.Ke1 f5 37.Nc5 Bf7 38.Rc7 Ke8 39.a5 Rc4 
40.a6 Rc1+ 41.Kf2 Rc2+ 42.Kg3 Rxb2 43.a7 Bd5 44.Rd7 Ra2 45.Rxd5 b2 46.Rd1 
Rxa7 47.Nd3 Rb7 48.Rb1 Rb3 49.Nf2 Kf7 50.Nd1 Rd3 51.Kf2 Rd6 52.Ke2 Re6+ 
1-0

[Event "14th EUR-ch"]
[Site "Legnica POL"]
[Date "2013.05.09"]
[Round "5"]
[White "Saric, Ivan"]
[Black "Ardelean, George-Catalin"]
[Result "1-0"]
[WhiteElo "2622"]
[BlackElo "2510"]
[EventDate "2013.05.05"]
[PlyCount "75"]

1.e4 c5 2.Nf3 d6 3.d4 cxd4 4.Nxd4 Nf6 5.Nc3 a6 6.Be3 e5 7.Nb3 Be6 8.f3 h5 
9.Qd2 Nbd7 10.Nd5 Bxd5 11.exd5 Qc7 12.c4 a5 13.Rc1 a4 14.Na1 g6 15.Be2 Bg7
16.Nc2 Nc5 17.Na3 b6 18.O-O O-O 19.Nb5 Qe7 20.Rb1 Nfd7 21.b4 axb3 22.axb3 
f5 23.b4 Na6 24.Rb3 Bf6 25.Kh1 g5 26.Bg1 Bg7 27.Ra3 Nc7 28.Rxa8 Nxa8 29.
Ra1 e4 30.Ra7 exf3 31.Bxf3 g4 32.Bd1 f4 33.Qd3 f3 34.gxf3 gxf3 35.Bc2 Be5 
36.Qg6+ Kh8 37.Qxh5+ Kg8 38.Bf5 1-0

[Event "14th EUR-ch"]
[Site "Legnica POL"]
[Date "2013.05.09"]
[Round "5"]
[White "Mirzoev, Azer"]
[Black "Timofeev, Artiom"]
[Result "1-0"]
[WhiteElo "2543"]
[BlackElo "2621"]
[EventDate "2013.05.05"]
[PlyCount "65"]

1.d4 Nf6 2.c4 g6 3.Nc3 d5 4.e3 Bg7 5.Qb3 e6 6.Qa3 b6 7.Nf3 Bb7 8.cxd5 exd5
9.Bb5+ c6 10.Bd3 Nbd7 11.e4 c5 12.exd5 O-O 13.O-O Nxd5 14.Ba6 Bxa6 15.Qxa6
Nxc3 16.bxc3 Qc8 17.Qb5 Nf6 18.a4 Nd5 19.Bd2 Rd8 20.Rfe1 Qf5 21.h3 Nf4 22.
Bxf4 Qxf4 23.a5 cxd4 24.axb6 dxc3 25.Rxa7 Rac8 26.b7 Rb8 27.Qc6 Bf6 28.g3 
Qf5 29.Kg2 Kg7 30.Ra8 Qd3 31.Rxb8 Rxb8 32.Re8 Bd8 33.Qc5 1-0

[Event "14th EUR-ch"]
[Site "Legnica POL"]
[Date "2013.05.09"]
[Round "5"]
[White "Pap, Gyula"]
[Black "Mastrovasilis, Dimitrios"]
[Result "0-1"]
[WhiteElo "2539"]
[BlackElo "2610"]
[EventDate "2013.05.05"]
[PlyCount "62"]

1.Nc3 Nf6 2.e4 e5 3.Nf3 Nc6 4.Bb5 Nd4 5.Ba4 c6 6.d3 b5 7.Bb3 Nxb3 8.axb3 
d6 9.Ne2 Be7 10.O-O O-O 11.Ng3 Re8 12.h3 Qc7 13.Re1 a5 14.Nh2 d5 15.Ng4 
Nxg4 16.hxg4 g6 17.Qf3 Qd6 18.Bd2 a4 19.d4 exd4 20.exd5 cxd5 21.Bh6 Bd7 
22.Bf4 Qc5 23.Be5 Bd6 24.Bf6 Bf8 25.Qf4 axb3 26.cxb3 Qb4 27.Red1 Rxa1 28.
Rxa1 d3 29.Qxb4 Bxb4 30.Bc3 Bxc3 31.bxc3 Rc8 0-1

[Event "14th EUR-ch"]
[Site "Legnica POL"]
[Date "2013.05.09"]
[Round "5"]
[White "Gordon, Stephen"]
[Black "Pashikian, Arman"]
[Result "0-1"]
[WhiteElo "2527"]
[BlackElo "2603"]
[EventDate "2013.05.05"]
[PlyCount "52"]

1.c4 e5 2.g3 Nf6 3.Bg2 d5 4.cxd5 Nxd5 5.Nc3 Nb6 6.Nf3 Nc6 7.O-O Be7 8.a3 
O-O 9.b4 Be6 10.Rb1 f6 11.d3 a5 12.b5 Nd4 13.Nd2 Qc8 14.e3 Nf5 15.Qc2 Nd6 
16.Nb3 Bh3 17.d4 Bxg2 18.Kxg2 c6 19.Nc5 cxb5 20.Nxb5 Ndc4 21.a4 Bxc5 22.
dxc5 Qxc5 23.Kg1 Rfd8 24.Na3 Qc6 25.Rb5 Kh8 26.Qb3 Rd7 0-1

[Event "14th EUR-ch"]
[Site "Legnica POL"]
[Date "2013.05.09"]
[Round "5"]
[White "Duda, Jan-Krzysztof"]
[Black "Mamedov, Nidjat"]
[Result "1-0"]
[WhiteElo "2506"]
[BlackElo "2602"]
[EventDate "2013.05.05"]
[PlyCount "73"]

1.e4 c5 2.Nf3 e6 3.d4 cxd4 4.Nxd4 a6 5.Bd3 Bc5 6.Nb3 Ba7 7.Qe2 d6 8.Be3 
Nc6 9.O-O Nf6 10.c4 e5 11.Nc3 Be6 12.Rac1 O-O 13.Nd5 Nd7 14.g3 a5 15.f4 a4
16.Nd2 Bd4 17.f5 Bxd5 18.cxd5 Bxe3+ 19.Qxe3 Nd4 20.Rc3 Rc8 21.Rfc1 Rc5 22.
Bf1 Qb6 23.Rxc5 Nxc5 24.Nc4 Qc7 25.Kg2 Rc8 26.Rc3 f6 27.g4 b5 28.Nd2 Qb7 
29.Nf3 b4 30.Rc4 a3 31.bxa3 bxa3 32.Nxd4 exd4 33.Qxa3 Ra8 34.Qb4 Rxa2+ 35.
Kf3 Qe7 36.Qb8+ Kf7 37.Rxc5 1-0

[Event "14th EUR-ch"]
[Site "Legnica POL"]
[Date "2013.05.09"]
[Round "5"]
[White "Babula, Vlastimil"]
[Black "Fauland, Alexander"]
[Result "1-0"]
[WhiteElo "2591"]
[BlackElo "2449"]
[EventDate "2013.05.05"]
[PlyCount "149"]

1.d4 Nf6 2.c4 e6 3.Nc3 Bb4 4.e3 Bxc3+ 5.bxc3 d6 6.Bd3 c5 7.Ne2 Nc6 8.O-O 
O-O 9.Ng3 e5 10.d5 Ne7 11.f4 exf4 12.exf4 Nd7 13.Ne4 f5 14.Nxd6 Nb6 15.Nb5
Bd7 16.Rb1 Bxb5 17.Rxb5 a6 18.Rb2 Rb8 19.Be3 Nd7 20.Bc2 Nc8 21.Ba4 Ncb6 
22.Bxd7 Nxd7 23.Bf2 Qf6 24.Qa4 Rf7 25.Qa5 h6 26.Re2 b6 27.Qxa6 Qxc3 28.Bh4
Qd4+ 29.Kh1 b5 30.cxb5 Qxd5 31.a4 Ra8 32.Qc6 Qxc6 33.bxc6 Nb6 34.Rc1 Rxa4 
35.Bd8 Nd5 36.g3 Ra8 37.Re8+ Kh7 38.Rxc5 Nc7 39.Re7 Rxe7 40.Bxe7 Kg6 41.
Bd6 Ne6 42.Rc2 Kf7 43.c7 Rc8 44.Re2 Rxc7 45.Bxc7 Nxc7 46.Kg2 Kf6 47.Kf3 
Nd5 48.Ra2 h5 49.Rd2 Ke6 50.Re2+ Kf6 51.Re5 Ne7 52.Rb5 Ng6 53.Rb6+ Kf7 54.
Ke3 Nf8 55.Kd4 g6 56.Rd6 Ne6+ 57.Ke5 Nc5 58.Rd5 Ne4 59.Rd7+ Kf8 60.Ra7 Kg8
61.Ke6 Kf8 62.Rf7+ Kg8 63.Ke7 Kh8 64.Kf8 Nc5 65.Re7 h4 66.Re5 Ne4 67.gxh4 
Kh7 68.Re6 Nc5 69.Rd6 Ne4 70.Rc6 Nf2 71.h5 gxh5 72.Kf7 Ng4 73.h4 Ne3 74.
Kf6 Nd5+ 75.Kg5 1-0

[Event "14th EUR-ch"]
[Site "Legnica POL"]
[Date "2013.05.09"]
[Round "5"]
[White "Iordachescu, Viorel"]
[Black "Lubczynski, Rafal"]
[Result "1-0"]
[WhiteElo "2582"]
[BlackElo "2419"]
[EventDate "2013.05.05"]
[PlyCount "107"]

1.e4 e5 2.Nf3 Nc6 3.Bb5 a6 4.Ba4 Nf6 5.d3 b5 6.Bb3 Be7 7.O-O O-O 8.Re1 d6 
9.c3 Re8 10.Nbd2 Bb7 11.Nf1 Nd7 12.a3 Bf6 13.Ne3 Ne7 14.Ba2 c5 15.h4 c4 
16.dxc4 Bxe4 17.cxb5 axb5 18.Ng4 Bc6 19.h5 Nf5 20.h6 e4 21.Nfh2 Nb6 22.
hxg7 Bxg7 23.Ne3 Ne7 24.Qh5 d5 25.Nhg4 Qd6 26.Nf1 Qg6 27.Ng3 f5 28.Nh6+ 
Kf8 29.Bg5 Bd7 30.Qh4 Nc4 31.Bxc4 bxc4 32.Qf4 Ra6 33.Bxe7+ Rxe7 34.Nhxf5 
Qf6 35.Qb8+ Re8 36.Qb4+ Kg8 37.Nxg7 Qxg7 38.Qc5 Re5 39.Rad1 Rc6 40.Qa7 h5 
41.Rxe4 dxe4 42.Rxd7 Qf8 43.Qd4 Qc5 44.Rd8+ Kh7 45.Qd7+ Re7 46.Nxe4 Rxd7 
47.Rxd7+ Kg6 48.Nxc5 Rxc5 49.Rb7 Rd5 50.a4 Rd1+ 51.Kh2 Ra1 52.Rb4 Ra2 53.
Kg3 Kg5 54.Rb5+ 1-0

[Event "14th EUR-ch"]
[Site "Legnica POL"]
[Date "2013.05.09"]
[Round "5"]
[White "Brunello, Sabino"]
[Black "Meribanov, Vitaly"]
[Result "0-1"]
[WhiteElo "2580"]
[BlackElo "2431"]
[EventDate "2013.05.05"]
[PlyCount "172"]

1.d4 Nf6 2.c4 e6 3.Nf3 Bb4+ 4.Bd2 Qe7 5.g3 O-O 6.Bg2 Nc6 7.Nc3 Bxc3 8.Bxc3
Ne4 9.Rc1 d6 10.d5 Nxc3 11.Rxc3 Nb8 12.dxe6 Qxe6 13.Nd4 Qf6 14.Nb5 Na6 15.
Qd2 Rd8 16.Rf3 Qg6 17.O-O c6 18.Nc3 Be6 19.Rf4 Qg5 20.Rd1 Rd7 21.b3 Rad8 
22.h4 Qe7 23.Qe3 Ra8 24.Rfd4 h6 25.R4d2 Kf8 26.Qe4 Kg8 27.Qf4 Rad8 28.Qe3 
Nc5 29.b4 Na6 30.b5 cxb5 31.cxb5 Nc5 32.Qf4 Qf8 33.Bf3 Qe7 34.Kg2 Qf8 35.
g4 f6 36.Nd5 Qe8 37.Ne3 Qe7 38.Bd5 Bxd5+ 39.Rxd5 Qe4+ 40.Qxe4 Nxe4 41.Rc1 
Nc5 42.Kf3 a6 43.bxa6 Nxa6 44.Rd4 Nb8 45.Nd5 Nc6 46.Rd2 Ra8 47.Nb6 Ra3+ 
48.e3 Rd8 49.Kg3 Ra6 50.Nd5 Rd7 51.Rb1 Ne5 52.Rc2 Nd3 53.Rd1 Ne5 54.Rb1 
Nd3 55.Rc8+ Kf7 56.Nb6 Re7 57.Nd5 Rd7 58.Rd1 Ne5 59.Nb4 Rb6 60.a3 Nc6 61.
Nd5 Ra6 62.Nc3 Ne7 63.Rh8 Rxa3 64.Nb5 Ra6 65.Rb8 Rb6 66.Nc3 Rb4 67.Ne2 h5 
68.Nd4 Nc6 69.Rc8 Nxd4 70.Rxd4 Rxd4 71.exd4 hxg4 72.d5 f5 73.Kf4 g6 74.Kg5
Re7 75.Rb8 Rc7 76.Rh8 Rc2 77.Rh7+ Ke8 78.Rxb7 Rxf2 79.Kxg6 g3 80.Rb8+ Kd7 
81.Rb7+ Kc8 82.Rg7 g2 83.Kf6 f4 84.h5 f3 85.h6 Rf1 86.h7 Rh1 0-1

[Event "14th EUR-ch"]
[Site "Legnica POL"]
[Date "2013.05.09"]
[Round "5"]
[White "Stachowiak, Kamil"]
[Black "Kislinsky, Alexey"]
[Result "1/2-1/2"]
[WhiteElo "2468"]
[BlackElo "2574"]
[EventDate "2013.05.05"]
[PlyCount "161"]

1.d4 Nf6 2.Nf3 g6 3.c4 Bg7 4.Nc3 O-O 5.g3 d6 6.Bg2 Nc6 7.O-O Bf5 8.d5 Na5 
9.Nd2 c5 10.e4 Bd7 11.Qc2 a6 12.Rb1 b5 13.b3 e5 14.Nd1 h5 15.Ne3 Ng4 16.
Nxg4 hxg4 17.f3 Rb8 18.Bb2 gxf3 19.Bxf3 Bh6 20.Bc3 b4 21.Bb2 Be3+ 22.Kh1 
Qg5 23.Bc1 Kg7 24.Bg2 Qh6 25.Nf3 Bxc1 26.Rbxc1 Rh8 27.Rf2 Rbf8 28.Kg1 Nb7 
29.Re1 a5 30.a3 bxa3 31.Ra1 Ra8 32.Rxa3 Ra6 33.Qc3 f6 34.Bf1 Rb6 35.Ne1 
Rb8 36.Bd3 Rb4 37.Ra1 Rf8 38.Bc2 Rf7 39.Ng2 Bh3 40.Ne3 Bd7 41.Ng2 Kf8 42.
Ne3 Rb6 43.Raf1 Bh3 44.Ra1 Bd7 45.Raf1 Kg7 46.Ra1 Ra6 47.Ng2 Ra8 48.Qe3 
Qh3 49.Nh4 Rh8 50.Qd2 Qg4 51.Re1 Qh5 52.Bd1 Qh7 53.Bc2 Qg8 54.Ng2 Qd8 55.
Ne3 Qb6 56.Ra1 Kf8 57.Bd1 Ke7 58.Qd3 Rb8 59.Bg4 Be8 60.Be6 Rf8 61.Ng4 Nd8 
62.Qd2 Nxe6 63.dxe6 Kxe6 64.Raf1 f5 65.exf5+ Rxf5 66.Rxf5 gxf5 67.Qh6+ Kd7
68.Qh7+ Kc6 69.Qxf5 Kb7 70.Nf6 Bc6 71.Nd7 Bxd7 72.Qxd7+ Ka6 73.Rf6 Rd8 74.
Qe7 a4 75.bxa4 Ka5 76.Rf1 d5 77.Rf6 Qb1+ 78.Rf1 Qb6 79.Rf6 Qb1+ 80.Rf1 Qb6
81.Rf6 1/2-1/2